From Holbein to Whistler : notes on drawing and engraving /

Bibliographic Details
Main Author: Brooks, Alfred Mansfield, 1870-1963
Corporate Author: Herbert A. Scheftel Memorial Publication Fund
Format: Book
Language:English
Published: New Haven : Yale university press; [etc., etc.], 1920.
Subjects:

MARC

Tag First Indicator Second Indicator Subfields
LEADER 00000cam a2200000 4500
001 in00000030584
005 20151007061644.0
008 760601s1920 ctuaf 00110 eng
010 |a  20015784  
035 |a (OCoLC)02204617 
035 |9 AAD2682AM 
040 |a DLC  |c IYU  |d TXA  |d UtOrBLW 
049 |a TXAM  |c [155366] 
050 0 |a NE400  |b .B83 
092 |a 760  |b B873f 
100 1 |a Brooks, Alfred Mansfield,  |d 1870-1963. 
245 1 0 |a From Holbein to Whistler :  |b notes on drawing and engraving /  |c by Alfred Mansfield Brooks. 
264 1 |a New Haven :  |b Yale university press; [etc., etc.],  |c 1920. 
300 |a xv, 194 pages, 2 unnumbered pages including frontispiece, illustrations :  |b color plate ;  |c 28 cm. 
336 |a text  |b txt  |2 rdacontent 
337 |a unmediated  |b n  |2 rdamedia 
338 |a volume  |b nc  |2 rdacarrier 
500 |a "The present volume is the fourth work published on the Herbert A. Scheftel memorial publication fund." 
650 0 |a Engraving. 
650 0 |a Drawing. 
710 2 |a Herbert A. Scheftel Memorial Publication Fund. 
999 |a MARS 
999 f f |s 416cf9fb-1d3e-38be-83d1-5b3224940f62  |i c2aa9dd3-2c5b-3370-aa58-4bd97f933d65  |t 0 
952 f f |p normal  |a Texas A&M University  |b College Station  |c Sterling C. Evans Library  |d Evans: Library Stacks  |t 0  |e NE400 .B83  |h Library of Congress classification  |i unmediated -- volume  |m A14801159312 
998 f f |a NE400 .B83  |t 0  |l Evans: Library Stacks